000 00308 a2200109 4500
001 ART_6806
005 20260410161553.0
008 260409a
245 1 0 _aPrimas por fusión
100 1 _aMantovan, Flavio A.
773 0 _tProfesional & Empresaria
_g- Año VIII, Nº 86 (nov. 2006)
_wREV70
999 _c9008
_d9008